000 00590nam a2200229 i 4500
001 C2-0099316
003 PPAK
005 20180727094706.0
008 970527s1976 enk |||| ||||| | eng d
040 _aPPAK
_beng
_cPPAK
_erda
082 0 4 _a823
_223
090 0 0 _a823
_bTWA
_dK
100 1 _aTwain, Mark,
_eauthor
245 1 4 _aThe adventures of Tom Sawyer
264 1 _aOxford :
_bHeinemann ,
_c1976
300 _a242 pages ;
_c19 cm
336 _2rdacontent
_atext
337 _2rdamedia
_aunmediated
338 _2rdacarrier
_avolume
650 1 0 _aEnglish fiction
942 _ddc
_cB
999 _c22098
_d22098